000 00692nam a2200193 a 4500
001 BRCA_2246
005 20190320203729.0
008 760227m19739999mx-a---##b---f000-0#spa-u
040 _aDLC
_cDLC
_dDLC
050 4 _aNA754
_b.K37 1973
100 1 _aKatzman, Israel
_96744
245 1 0 _aArquitectura del siglo XIX en México
_cIsrael Katzman.
260 _aMéxico : UNAM
_bCentro de Investigaciones Arquitectónicas,
_c1973
300 _a324 p.
_bil. (algunas a color)
_c28 cm.
500 _aIncluye índice de contenido de ilustraciones y procedencia de las fotografías
504 _aIncluye referencias bibliográficas
650 1 4 _aArquitectura
_ySiglo XIX.
_zMéxico
_96745
942 _2lcc
_cB
999 _c1995
_d1995